000
00307nam a2200109Ia 4500
008
171211s9999 xx 000 0 und d
245
_a
How to Draw and Paint: Seascapes & Landscapes
245
_c
Vernon Kerr
260
_c
1998
650
_x
Drawing
856
_u
http://down.ebook777.com/007/B000MOHJW6.pdf
999
_c
348014
_d
348014